| 000 | 01516nam a2200397 a 4500 | ||
|---|---|---|---|
| 001 | ebr10271531 | ||
| 003 | CaPaEBR | ||
| 006 | m u | ||
| 007 | cr cn||||||||| | ||
| 008 | 060822s2007 enkb sb 001 0 eng | ||
| 010 | _z 2006027157 | ||
| 015 |
_aGBA691800 _2bnb |
||
| 016 | 7 |
_z013589584 _2Uk |
|
| 020 | _z0192832425 (acid-free paper) | ||
| 020 | _z9780192832429 (acid-free paper) | ||
| 040 |
_aCaPaEBR _cCaPaEBR |
||
| 035 | _a(OCoLC)252685023 | ||
| 041 | 1 |
_aeng _hwel |
|
| 043 | _ae-uk-wl | ||
| 050 | 1 | 4 |
_aPB2363.M2 _bD38 2007eb |
| 082 | 0 | 4 |
_a891.6/631 _222 |
| 130 | 0 |
_aMabinogion. _lEnglish. |
|
| 245 | 1 | 4 |
_aThe Mabinogion _h[electronic resource] / _ctranslated with an introduction and notes by Sioned Davies. |
| 260 |
_aOxford ; _aNew York : _bOxford University Press, _c2007. |
||
| 300 |
_axxxviii, 293 p. : _bmaps. |
||
| 504 | _aIncludes bibliographical references (p. [xxxv]-xxxviii) and indexes. | ||
| 533 |
_aElectronic reproduction. _bPalo Alto, Calif. : _cebrary, _d2013. _nAvailable via World Wide Web. _nAccess may be limited to ebrary affiliated libraries. |
||
| 546 | _aTranslated from the Welsh. | ||
| 650 | 0 |
_aWelsh literature _y1100-1400 _vTranslations into English. |
|
| 650 | 0 |
_aMythology, Celtic _zWales. |
|
| 650 | 0 |
_aTales _zWales. |
|
| 655 | 7 |
_aElectronic books. _2local |
|
| 700 | 1 | _aDavies, Sioned. | |
| 710 | 2 | _aebrary, Inc. | |
| 856 | 4 | 0 |
_uhttp://site.ebrary.com/lib/rucke/Doc?id=10271531 _zAn electronic book accessible through the World Wide Web; click to view |
| 999 |
_c7397 _d7397 |
||